| 000 | 00465nam a2200181Ia 4500 | ||
|---|---|---|---|
| 005 | 20250603144604.0 | ||
| 008 | 250603s9999 xx 000 0 und d | ||
| 020 | _a9780691172248 | ||
| 050 | _aHV 6433.N62 .T48/ | ||
| 100 | _aThurston, Alexander | ||
| 245 | 0 | _aBoko Haram: the history of African jihadist movement | |
| 260 | _aNew Jersey | ||
| 260 | _bPrinceton University Press | ||
| 260 | _c2020 | ||
| 300 | _a333 p | ||
| 650 | _aNew Jersey | ||
| 942 | _cBK | ||
| 999 |
_c39366 _d39366 |
||